Evaluation of credit cooperatives (Record no. 13791)
[ view plain ]
| 000 -LEADER | |
|---|---|
| fixed length control field | 00559nam a2200205Ia 4500 |
| 082 ## - DEWEY DECIMAL CLASSIFICATION NUMBER | |
| Classification number | TS.0955 |
| 100 ## - MAIN ENTRY--AUTHOR NAME | |
| Personal name | Shameena, M. |
| 245 #0 - TITLE STATEMENT | |
| Title | Evaluation of credit cooperatives |
| 250 ## - EDITION STATEMENT | |
| Edition statement | Mangalore University |
| 260 ## - PUBLICATION, DISTRIBUTION, ETC. (IMPRINT) | |
| Year of publication | 2005 |
| 300 ## - PHYSICAL DESCRIPTION | |
| Number of Pages | 263 |
| 504 ## - BIBLIOGRAPHY, ETC. NOTE | |
| Bibliography, etc | includes bibliography |
| 650 ## - SUBJECT ADDED ENTRY--TOPICAL TERM | |
| Topical Term | Cooperation |
| Geographic subdivision | Karnatka |
| 650 ## - SUBJECT ADDED ENTRY--TOPICAL TERM | |
| Topical Term | Agricultural credit |
| Geographic subdivision | Karnatka |
| 650 ## - SUBJECT ADDED ENTRY--TOPICAL TERM | |
| Topical Term | Banks and banking, Cooperative |
| Form subdivision | Karnatka |
| 650 ## - SUBJECT ADDED ENTRY--TOPICAL TERM | |
| Topical Term | Cooperative societies |
| Geographic subdivision | karnatak |
| 650 ## - SUBJECT ADDED ENTRY--TOPICAL TERM | |
| Topical Term | Cooperative movement |
| 710 ## - ADDED ENTRY--CORPORATE NAME | |
| Corporate name or jurisdiction name as entry element | Shripathi Kalluraya, P. |
| 942 ## - ADDED ENTRY ELEMENTS (KOHA) | |
| Koha item type | Thesis |
| Withdrawn status | Lost status | Damaged status | Not for loan | Home library | Current library | Date acquired | Source of acquisition | Bill Date | Full call number | Accession Number | Price effective from | Koha item type |
|---|---|---|---|---|---|---|---|---|---|---|---|---|
| NASSDOC Library | NASSDOC Library | 06/02/2007 | Gifted by : Fellowship Division, ICSSR | 2006-12-18 | TS.0955 | 43213 | 18/04/2019 | Thesis |
